Ngô Thì Nhậm; Q2

Gorde:
Xehetasun bibliografikoak
Egile nagusia: Ngô Thì Nhậm
Formatua: Liburua
Hizkuntza:Undetermined
Argitaratua: Hà Nội KHXH 1978
Gaiak:
Etiketak: Etiketa erantsi
Etiketarik gabe, Izan zaitez lehena erregistro honi etiketa jartzen!
Thư viện lưu trữ: Trung tâm Học liệu Trường Đại học Cần Thơ
LEADER 00550nam a2200169Ia 4500
001 CTU_46637
008 210402s9999 xx 000 0 und d
082 |a 895.92208 
082 |b Nh120/T2 
100 |a Ngô Thì Nhậm 
245 0 |a Ngô Thì Nhậm; Q2 
245 0 |c Ngô Thì Nhậm, Cao Xuân Huy; Dịch giả: Khương Hữu Dụng, Ngô Linh Ngọc 
260 |a Hà Nội 
260 |b KHXH 
260 |c 1978 
650 |a vietnamese literature - 18th century 
980 |a Trung tâm Học liệu Trường Đại học Cần Thơ